[Event "KB Czech Open"]
[Site "Pardubice CZE"]
[Date "2003.07.23"]
[Round "6"]
[White "Voloshin,L"]
[Black "Ionescu,I"]
[Result "1-0"]
[WhiteElo "2468"]
[BlackElo "2339"]

1.e4 c5 2.Nf3 Nc6 3.Bb5 e6 4.Bxc6 bxc6 5.d3 Ne7 6.h4 h5 7.e5 Ng6 8.Qe2 f6
9.Qe4 Kf7 10.Nbd2 d5 11.exd6 Qxd6 12.b3 e5 13.Bb2 Be6 14.O-O-O Be7 15.Qe3 Qc7
16.Ne4 Qa5 17.Kb1 Rad8 18.g3 Bg4 19.Rde1 Rd7 20.Nfd2 Rd4 21.f4 exf4 22.gxf4 Qd8
23.Nc4 Rd5 24.Ng3 Qd7 25.Qf2 Bd6 26.Ne5+ Bxe5 27.fxe5 Qd8 28.exf6 gxf6 29.Rhf1 f5
30.Bxh8 Qxh8 31.c4  1-0

[Event "KB Czech Open"]
[Site "Pardubice CZE"]
[Date "2003.07.23"]
[Round "6"]
[White "Totsky,L"]
[Black "Wirig,A"]
[Result "1-0"]
[WhiteElo "2505"]
[BlackElo "2422"]

1.e4 c5 2.Nf3 Nc6 3.Bb5 g6 4.O-O Bg7 5.c3 Nf6 6.Qa4 O-O 7.d4 cxd4 8.cxd4 Nxe4
9.d5 Nc5 10.Qa3 Qb6 11.Nc3 Nd4 12.Nxd4 Bxd4 13.Bh6 Re8 14.Rad1 e5 15.dxe6 Nxe6
16.Nd5 Qd8 17.Rxd4 Nxd4 18.Qc3 Nf5 19.Nf6+ Qxf6 20.Qxf6 Nxh6 21.h3 a6 22.Bc4 d5
23.Bxd5 Be6 24.Bxe6 Rxe6 25.Qf3 Re7 26.g4 Kf8 27.Rd1 Rc8 28.Rd6 Ng8 29.h4 Kg7
30.Qd3 f6 31.Qd4 Rc1+ 32.Kg2 Rce1 33.Kf3 R1e6 34.Rd8 Nh6 35.Rb8 Nf7 36.Kg3 Nd6
37.f3 Kf7 38.Rd8 Ne8 39.Qf4 Kg7 40.h5 gxh5 41.gxh5 Re5 42.Qb4 Kf7 43.Qc4+ Kg7
44.Kh4 Rg5 45.f4 Rg1 46.Rd3 Kh6 47.Rg3 Rh1+ 48.Kg4 Rxh5 49.Kf3 Nd6 50.Qg8 Nf5
51.Qf8+ Rg7 52.Qxf6+  1-0

[Event "ch-COL"]
[Site "Cali COL"]
[Date "2003.07.24"]
[Round "5"]
[White "Garcia,Gild"]
[Black "Zapata,A"]
[Result "1-0"]
[WhiteElo "2473"]
[BlackElo "2543"]

1.e4 c5 2.Nf3 Nc6 3.Bb5 g6 4.Bxc6 dxc6 5.d3 Bg7 6.Nc3 e5 7.Be3 Qe7 8.Qd2 h6
9.h3 Nf6 10.O-O Nd7 11.a3 a5 12.Nh2 b6 13.f4 exf4 14.Bxf4 g5 15.Bg3 Ne5 16.Nf3 Nxf3+
17.Rxf3 g4 18.hxg4 Bxg4 19.Rf4 Bd4+ 20.Bf2 Rg8 21.Bxd4 cxd4 22.Ne2 O-O-O
23.Rf2 Rg5 24.Raf1 Be6 25.Qf4 Qc5 26.Qh2 Rh5 27.Qg3 Rg5 28.Qh2 Rh5 29.Qg3 Rg5
30.Qh4 Qe5 31.Nf4 Rdg8 32.a4 Qg7 33.Qh2 Qe5 34.c3 Rd8 35.cxd4 Qxd4 36.Qxh6 Qe5
37.d4 Qg7 38.Qxg7 Rxg7 39.Nxe6 fxe6 40.Rf8 Rd7 41.Rxd8+ Kxd8 42.Rd1 c5 43.d5 Ke7
44.Kf2 Kf6 45.Ke3 Ke5 46.g4 exd5 47.exd5 Rh7 48.g5 Rh3+ 49.Kf2 Rh7 50.d6  1-0

[Event "3rd Savaria Summer Open"]
[Site "Szombathely HUN"]
[Date "2003.07.24"]
[Round "6"]
[White "Tomasic,D"]
[Black "Lakos,N"]
[Result "0-1"]
[WhiteElo "2084"]
[BlackElo "2372"]

1.e4 c5 2.Nf3 Nc6 3.Bb5 e6 4.O-O Nge7 5.c3 a6 6.Be2 d5 7.exd5 Nxd5 8.d4 cxd4
9.Nxd4 Bd6 10.Bf3 Nce7 11.c4 Nf6 12.Bg5 Be5 13.Be3 Qc7 14.g3 O-O 15.Qb3 Rb8
16.Nc3 Bd7 17.Rac1 Rfc8 18.Qd1 Be8 19.Qd2 Rd8 20.Rfd1 Nf5 21.Nd5 Nxd4 22.Bxd4 exd5
23.cxd5 Qd6 24.Bc5 Qd7 25.d6 Qf5 26.Bg2 Ne4 27.Qd5 Bc6 28.Bxe4 Qxe4 29.Qxe4 Bxe4
30.Ba7 Ra8 31.d7 Rxa7 32.Rc8 Bf6 33.Re1 Ra8 34.Rxa8 Rxa8 35.Rxe4 Kf8 36.Rc4 Rd8
37.Rc7 Bxb2 38.Rxb7 Bd4 39.Rc7 Ke7 40.Rc6 a5 41.Ra6 Bc3 42.Rc6 Bd2 43.Kf1 Rxd7
44.Ke2 Bb4 45.Rc2 Rd5 46.f4 Rc5 47.Rb2 Rc3 48.Kf2 f5 49.Ke2 h5 50.Kf2 Kf6
51.Ke2 h4 52.Kf2 hxg3+ 53.hxg3 Rd3  0-1

[Event "MTO"]
[Site "Biel SUI"]
[Date "2003.07.25"]
[Round "5"]
[White "Sedlak,N"]
[Black "Al Sayed,Mohamad"]
[Result "1/2-1/2"]
[WhiteElo "2528"]
[BlackElo "2455"]

1.e4 c5 2.Nf3 Nc6 3.Bb5 g6 4.Bxc6 bxc6 5.O-O Bg7 6.Re1 Nh6 7.c3 f6 8.d4 cxd4
9.cxd4 Nf7 10.b3 O-O 11.Bb2 Qa5 12.Nbd2 d6 13.h3 Qh5 14.Qc2 Bd7 15.Nf1 Ng5
16.Nxg5 Qxg5 17.Rad1 f5 18.e5 f4 19.e6 Be8 20.f3 Qf5 21.Qe2 Qa5 22.a3 Qb6
23.Qc4 Rc8 24.Kh1 g5 25.Ba1 Bg6 26.b4 Qb5 27.Nd2 Qxc4 28.Nxc4 Rf5 29.Na5 Rd5
30.Rc1 c5 31.b5 Be8 32.a4 Bxd4 33.Red1 Rb8 34.Nb3 a6 35.Nxd4 cxd4 36.Bxd4 axb5
37.Rc7 b4 38.Rxe7 Rxd4 39.Rxd4 b3 40.Rxe8+ Rxe8 41.Rxd6 b2 42.Rb6 Rxe6 43.Rxb2 Re1+
44.Kh2 Ra1 45.Rb5 h6 46.h4 Rxa4 47.hxg5 h5 48.g6 Kg7 49.Rb6 Kh6 50.Re6 Rb4
51.Kh3 Rb1 52.g4 fxg3  1/2-1/2

[Event "3rd Savaria Summer Open"]
[Site "Szombathely HUN"]
[Date "2003.07.25"]
[Round "7"]
[White "Lakos,N"]
[Black "Braun,Mar"]
[Result "1-0"]
[WhiteElo "2372"]
[BlackElo "2198"]

1.e4 c5 2.Nf3 Nc6 3.Bb5 e6 4.Bxc6 dxc6 5.d3 Qc7 6.e5 Ne7 7.Nc3 Nf5 8.Ne4 Be7
9.Bf4 O-O 10.c3 g6 11.g4 Ng7 12.Qd2 Qd8 13.h4 f5 14.exf6 Bxf6 15.h5 c4 16.hxg6 hxg6
17.d4 Qd5 18.Qe3 Bd7 19.O-O-O Be7 20.Bg5 Rf7 21.Bxe7  1-0

[Event "3rd Savaria Summer Open"]
[Site "Szombathely HUN"]
[Date "2003.07.25"]
[Round "7"]
[White "Mrkonjic,N"]
[Black "Berczes,C"]
[Result "1-0"]
[WhiteElo "2405"]
[BlackElo "2310"]

1.e4 c5 2.Nf3 Nc6 3.Bb5 g6 4.O-O Bg7 5.Re1 Nf6 6.Nc3 O-O 7.e5 Ne8 8.Bxc6 dxc6
9.d3 Nc7 10.Be3 b6 11.Qd2 Bg4 12.Bh6 Bxf3 13.gxf3 Qd7 14.Re4 Qh3 15.Bxg7 Kxg7
16.Qg5 Qxf3 17.Qxe7 Ne6 18.Rae1 Qf5 19.R1e3 Ng5 20.Ra4 Nh3+ 21.Rxh3 Qxh3
22.Qf6+ Kg8 23.Rh4 Qf5 24.Ne4 h5 25.Qxf5 gxf5 26.Nf6+ Kg7 27.Rxh5 Kg6 28.f4 Rfd8
29.Rg5+ Kh6 30.Kf2 Rd4 31.Ke3 Rad8 32.h4 c4 33.dxc4 Rd1 34.Rxf5 Re1+ 35.Kf3 Rdd1
36.Rh5+ Kg7 37.Kg4 Rd4 38.Rh7+ Kf8 39.Rh8+ Kg7 40.Rg8+ Kh6 41.Kf5 Rf1 42.Nh5 Kh7
43.Rg7+ Kh6 44.Rxf7 Rxc4 45.Rf8 Kh7 46.Nf6+ Kh6 47.Rh8+ Kg7 48.Rh7+ Kf8 49.Ke6  1-0

[Event "18th Touraine Open"]
[Site "Avoine FRA"]
[Date "2003.07.26"]
[Round "8"]
[White "Nevednichy,V"]
[Black "Tirard,H"]
[Result "1/2-1/2"]
[WhiteElo "2593"]
[BlackElo "2407"]

1.e4 c5 2.Nf3 Nc6 3.Bb5 e6 4.Bxc6 bxc6 5.d3 Ne7 6.O-O Ng6 7.Ng5 e5 8.Qh5 Be7
9.f4 Bxg5 10.fxg5 O-O 11.Be3 d6 12.Nc3 Be6 13.b3 f5 14.gxf6 Rxf6 15.Rxf6 Qxf6
16.Rf1 Qe7 17.Qg5 Rf8 18.Rb1 Rf6 19.Rf1 h6 20.Qg3 Rxf1+ 21.Kxf1 Qf6+ 22.Ke1 Qh4
23.Qxh4 Nxh4 24.Kf2 Kf7 25.a3 Ke7 26.b4 cxb4 27.axb4 a6 28.Na4 Ng6 29.c4 Nf8
30.Nb6 Kd8 31.d4 Nd7 32.d5 cxd5 33.exd5 Bf5 34.Na4 Bc2 35.Nb2 Kc7 36.Ke2 Nf6
37.Kd2 Be4 38.g3 Bf5 39.Kc3 h5 40.Kb3 Ng4 41.Bg1 g5 42.Na4 e4 43.Nc3 e3 44.Ne2 Bd3  1/2-1/2

[Event "ch-NED Open"]
[Site "Dieren NED"]
[Date "2003.07.26"]
[Round "5"]
[White "Vedder,R"]
[Black "Muhren,W"]
[Result "0-1"]
[WhiteElo "2256"]
[BlackElo "2175"]

1.e4 c5 2.Nf3 Nc6 3.Bb5 g6 4.O-O Bg7 5.Re1 Nf6 6.c3 O-O 7.h3 Qb6 8.a4 Rd8
9.Na3 d5 10.e5 Ne8 11.d4 cxd4 12.cxd4 Nc7 13.Be3 Nxb5 14.axb5 Nb4 15.Qd2 a5
16.Rec1 Bf5 17.g4 Bd7 18.Qe2 Rac8 19.Nd2 Qa7 20.f4 b6 21.Nf3 Rxc1+ 22.Rxc1 Rc8
23.Rc3 Qb8 24.Nb1 Rc7 25.Rxc7 Qxc7 26.Nc3 Qc8 27.Kf2 Kf8 28.Kg3 Ke8 29.Ne1 Kd8
30.Ng2 f5 31.g5 e6 32.Bf2 Qa8 33.Qd1 Bf8 34.Kf3 Be8 35.Ke2 a4 36.Kd2 a3 37.Qa1 a2
38.Ne1 Qa5 39.Nc2 Bxb5 40.Na3 Bc4 41.Nc2 Qa6 42.Be1 Bb3 43.Nxb4 Bxb4 44.Bf2 Bxc3+
45.bxc3 Bc4 46.Be3 Qa4 47.Ke1 Qc2  0-1

[Event "KB Czech Open"]
[Site "Pardubice CZE"]
[Date "2003.07.26"]
[Round "9"]
[White "Nun,Ji"]
[Black "Balabaev,T"]
[Result "0-1"]
[WhiteElo "2358"]
[BlackElo "2462"]

1.e4 c5 2.Nf3 Nc6 3.Bb5 g6 4.Bxc6 dxc6 5.d3 Bg7 6.h3 Nf6 7.O-O Nd7 8.a4 a5
9.Na3 b6 10.Rb1 e5 11.Be3 Nf8 12.Nc4 Qc7 13.c3 Ne6 14.Qc2 O-O 15.b3 h6 16.Rfe1 Ba6
17.Rbd1 Rfd8 18.g3 Rab8 19.Ra1 Bc8 20.Red1 Ra8 21.h4 Ba6 22.Nh2 Nf8 23.f3 Bc8
24.Qf2 Ne6 25.Rac1 Ba6 26.Qc2 b5 27.Nb2 Rac8 28.Nf1 Qe7 29.Qf2 f5 30.exf5 gxf5
31.f4 exf4 32.gxf4 b4 33.cxb4 cxb4 34.Nc4 Nd4 35.Nfd2 Kh7 36.Kh2 Bf6 37.Kh3 c5
38.Re1 Qf7 39.Rg1 Nxb3 40.Nxb3 Rxd3 41.Nbd2 b3 42.Rg3 b2 43.Nxb2 Bxb2 44.Rxc5 Rg8
45.Rxg8 Kxg8 46.Nf3 Qg6 47.Qxb2 Rxe3 48.Qb8+ Re8 49.Qb3+ Kf8 50.Rc2 Qg4+
51.Kh2 Qxf4+ 52.Kg1 Qg3+  0-1

[Event "KB Czech Open"]
[Site "Pardubice CZE"]
[Date "2003.07.26"]
[Round "9"]
[White "Lipka,J"]
[Black "Shaposhnikov,E"]
[Result "1/2-1/2"]
[WhiteElo "2426"]
[BlackElo "2566"]

1.e4 c5 2.Nf3 Nc6 3.Bb5 d6 4.O-O Bd7 5.Re1 Nf6 6.c3 a6 7.Bf1 Bg4 8.d3 e6
9.Nbd2 Be7 10.h3 Bh5 11.g4 Bg6 12.Nh4 Nd7 13.Nxg6 hxg6 14.f4 g5 15.f5 Nde5
16.Nf3 Bf6 17.Be3 b5 18.a3 Rc8 19.Rc1 O-O 20.Nh2 Re8 21.b3 Nd7 22.Nf3 d5
23.fxe6 fxe6 24.exd5 exd5 25.d4 cxd4 26.cxd4 Nf8 27.Bd3 Qd6 28.Kg2 Ne6 29.Bf5 Qxa3
30.Bxg5 Nxg5 31.Nxg5 Bxg5 32.Rxc6 Qb2+ 33.Bc2 Rxc6 34.Rxe8+ Kf7 35.Re2 Qc1
36.Rf2+ Rf6 37.Rxf6+ Kxf6 38.Qxc1 Bxc1 39.Kf3 g5 40.Bf5 Ke7 41.Bc8 a5 42.Ba6 a4
43.bxa4 bxa4 44.Bd3 a3 45.Bb1  1/2-1/2

[Event "ch-COL"]
[Site "Cali COL"]
[Date "2003.07.27"]
[Round "10"]
[White "Mendoza,Raf"]
[Black "Carvajal,No"]
[Result "1-0"]
[WhiteElo "2363"]
[BlackElo "2300"]

1.e4 c5 2.Nf3 Nc6 3.Bb5 e6 4.Nc3 a6 5.Bxc6 dxc6 6.d3 Nf6 7.O-O Be7 8.Qe2 O-O
9.e5 Nd7 10.a4 b6 11.Ne4 a5 12.Bf4 Nb8 13.Bg5 Na6 14.Bxe7 Qxe7 15.Nfd2 Nb4
16.Nc4 Nd5 17.f4 Rb8 18.Qh5 Ba6 19.Rf3 f5 20.exf6 Nxf6 21.Nxf6+ Qxf6 22.Ne5 Qf5
23.Qxf5 Rxf5 24.Nxc6 Re8 25.g4 Rf6 26.Ne5 Bb7 27.Rf2 Rd8 28.b3 Rd4 29.Raf1 Ba6
30.h3 h6 31.Kh2 Rd5 32.Kg3 g5 33.Re1 Kg7 34.fxg5  1-0

[Event "16th Open"]
[Site "Kiel GER"]
[Date "2003.07.27"]
[Round "4"]
[White "Mandelbaum,P"]
[Black "Prosch,S"]
[Result "0-1"]
[WhiteElo "2180"]
[BlackElo "2085"]

1.e4 c5 2.Nf3 Nc6 3.Bb5 g6 4.Bxc6 dxc6 5.h3 Bg7 6.O-O e5 7.d3 Ne7 8.Be3 b6
9.a4 O-O 10.a5 Be6 11.Qd2 Qd6 12.Nc3 f6 13.Na4 Rab8 14.Nh2 f5 15.f3 f4 16.Bf2 Nc8
17.b3 Qc7 18.Ra2 Nd6 19.axb6 axb6 20.Nc3 Ra8 21.Rfa1 Qb7 22.Qc1 Nb5 23.Nxb5 cxb5
24.Ra3 Rfd8 25.R1a2 Rxa3 26.Qxa3 c4 27.bxc4 bxc4 28.Rb2 cxd3 29.cxd3 b5 30.Qc5 Bd7
31.Ng4 Qc6 32.d4 Qxc5 33.dxc5 Bc6 34.Be1 Rd1 35.Kf2 h5 36.Nh2 Rc1 37.Nf1 Rxc5
38.Nd2 Be8 39.Nb3 Rc8 40.Ke2 Kf7 41.Kd3 Bf8 42.Bc3 Ke6 43.Ba5 Ba3 44.Rc2 Rxc2
45.Kxc2 Kd6 46.Kc3 Bf7 47.Bd8 Kd7 48.Bf6 Ke6 49.Bd8 Bd6 50.Ba5 Kd7 51.Nd2 Kc6
52.Bb4 Bxb4+ 53.Kxb4 Kb6 54.h4 Be6 55.Nb1 Bc4 56.Nd2 Be2 57.Nb3 Bf1 58.Nd2 Bxg2
59.Kc3 Ka5 60.Kb3 Bh3 61.Ka3 Be6 62.Nb1 b4+ 63.Kb2 Ka4 64.Nd2 b3 65.Nb1 Kb4
66.Nd2 Bf7 67.Nb1 Kc4 68.Nc3 Kd3 69.Nd5 Ke2  0-1

[Event "3rd Savaria Summer Open"]
[Site "Szombathely HUN"]
[Date "2003.07.27"]
[Round "9"]
[White "Molnar,Be"]
[Black "Braun,Mar"]
[Result "1-0"]
[WhiteElo "2394"]
[BlackElo "2198"]

1.e4 c5 2.Nf3 Nc6 3.Bb5 e6 4.Bxc6 dxc6 5.d3 Qc7 6.e5 b6 7.O-O Ba6 8.Nbd2 O-O-O
9.Qe2 Ne7 10.b4 Nd5 11.bxc5 Bxc5 12.Ne4 Be7 13.a4 h6 14.Ba3 c5 15.Rfb1 g5
16.Nfd2 Rhg8 17.Nc4 Bxc4 18.dxc4 Nf4 19.Qf3 Qxe5 20.a5 g4 21.Qe3 f5 22.Ng3 Qc7
23.axb6 axb6 24.Bb2 Bg5 25.Be5 Nh3+ 26.gxh3 Qb7 27.Qa3 gxh3 28.Qa6 f4 29.Rxb6 Qxa6
30.Rbxa6 fxg3 31.hxg3 h5 32.Ra7  1-0

[Event "ITT"]
[Site "Vicente Lopez ARG"]
[Date "2003.07.27"]
[Round "4"]
[White "Escandell,J"]
[Black "Llorens,M"]
[Result "1-0"]
[WhiteElo "2304"]
[BlackElo "2374"]

1.e4 c5 2.Nf3 Nc6 3.Bb5 g6 4.O-O Bg7 5.Re1 e5 6.Bxc6 dxc6 7.d3 Qe7 8.a3 a5
9.Be3 Bg4 10.Nbd2 Nf6 11.c3 O-O 12.Qc2 Rfd8 13.h3 Bxf3 14.Nxf3 h6 15.b4 axb4
16.cxb4 cxb4 17.Bc5 Qc7 18.axb4 Rxa1 19.Rxa1 Nd7 20.Be3 Qd6 21.Qc4 Nf8 22.Ra3 Ne6
23.Rb3 Rd7 24.b5 c5 25.Qc1 Kh7 26.Nd2 f5 27.Nc4 Qc7 28.f3 f4 29.Bf2 Qd8 30.Qa3 b6
31.Kf1 h5 32.Ke2 Qg5 33.Kf1 Qd8 34.Ke2 Qb8 35.Qa6 Rb7 36.Qa1 Nc7 37.Qb2 Qd8
38.Qa1 Bf6 39.Qb2 Qd7 40.Be1 Ne6 41.Bc3 Nd4+ 42.Bxd4 exd4 43.Ra3 Bh4 44.Ra6 Qe8
45.Kd1 Kh6 46.Qa2 Qd7 47.Qa4 Bd8 48.Ra8 Bf6 49.Qa6 Qc7 50.Nd6 Rb8 51.Nc4 Rxa8
52.Qxa8 Bd8 53.Kc2 Kg5 54.Qd5+ Kh4 55.Qe6 g5 56.Qd5 Qa7 57.Qxd8 Qa4+ 58.Kc1 Qa1+
59.Kc2 Qc3+ 60.Kd1 Qxd3+ 61.Nd2 Qxb5 62.Qd5 Qa4+ 63.Ke2 Qa3 64.Qb3 Qa6+ 65.Qc4 Qa3
66.Qd3 Qa1 67.e5 b5 68.Qxb5 d3+ 69.Qxd3 Qxe5+ 70.Ne4 Qb2+ 71.Qd2 Qxd2+ 72.Kxd2 g4
73.hxg4 hxg4 74.Nxc5 Kg3 75.Ne4+ Kxg2 76.fxg4  1-0

[Event "16th Open"]
[Site "Kiel GER"]
[Date "2003.07.28"]
[Round "5"]
[White "Salakhutdinov,I"]
[Black "Kraemer,Mar"]
[Result "0-1"]
[WhiteElo "2276"]
[BlackElo "2194"]

1.e4 c5 2.Nf3 Nc6 3.Bb5 g6 4.Bxc6 bxc6 5.O-O Bg7 6.h3 Nh6 7.e5 O-O 8.Nc3 f6
9.exf6 exf6 10.d3 d5 11.Na4 Qa5 12.b3 c4 13.Bf4 Nf7 14.Re1 g5 15.Bh2 g4 16.Nd4 Ne5
17.hxg4 Bxg4 18.f3 c5 19.Ne2 cxd3 20.cxd3 Bf5 21.Nf4 d4 22.g4 Bd7 23.Rc1 Bxa4
24.bxa4 Qxe1+ 25.Qxe1 Nxf3+ 26.Kf2 Nxe1 27.Rxe1 Rfe8 28.Rc1 Rac8 29.Nd5 Kf7
30.Rb1 Kg8 31.Rb7 Kh8 32.Ne7 Ra8 33.Nf5 Bf8 34.Bf4 Re6 35.Kf3 a6 36.a5 Kg8
37.a4 Rc8 38.Rb6 Rce8 39.Ng3 Kf7 40.Ne4 Kg6 41.g5 fxg5 42.Nxg5 Rxb6 43.axb6 Bh6
44.b7 Bxg5 45.b8=Q Rxb8 46.Bxb8 Bd2 47.Ke4 Kg5 48.Bc7 a5 49.Kd5 Bb4 50.Bxa5 Bxa5
51.Kxc5 h5 52.Kxd4 Kf4 53.Kc5 h4 54.d4 h3 55.Kb5 h2 56.Kxa5 h1=Q 57.Kb6 Qa8
58.a5 Ke4 59.d5 Kxd5  0-1

[Event "Summer"]
[Site "Tel Aviv ISR"]
[Date "2003.07.28"]
[Round "8"]
[White "Bykhovsky,Av"]
[Black "Kaganskiy,G"]
[Result "1/2-1/2"]
[WhiteElo "2452"]
[BlackElo "2393"]

1.e4 c5 2.Nf3 Nc6 3.Bb5 g6 4.Bxc6 dxc6 5.h3 Bg7 6.d3 Nf6 7.Nc3 Nd7 8.Be3 e5
9.Qd2 h6 10.Nh2 Qe7 11.Ne2 Nf8 12.O-O-O Ne6 13.Kb1 b6 14.g3 Nd4 15.h4 Be6
16.Nc1 O-O-O 17.c3 Kb7 18.f3 Nb5 19.Qe2 Rd7 20.h5 Rhd8 21.hxg6 fxg6 22.Ng4  1/2-1/2

[Event "MTO"]
[Site "Biel SUI"]
[Date "2003.07.29"]
[Round "8"]
[White "Sedlak,N"]
[Black "Shariyazdanov,A"]
[Result "1/2-1/2"]
[WhiteElo "2528"]
[BlackElo "2565"]

1.e4 c5 2.Nf3 Nc6 3.Bb5 g6 4.Bxc6 bxc6 5.O-O Bg7 6.Re1 Nh6 7.c3 O-O 8.d4 cxd4
9.cxd4 f6 10.Nc3 d6 11.h3 Nf7 12.b3 Qa5 13.Bd2 Qa6 14.Qc2 Bd7 15.Rad1 Rac8
16.Be3 Rfe8 17.Na4 Nd8 18.Nb2 Nf7 19.Nd3 Red8 20.Bc1 Qb5 21.a4 Qb6 22.b4 a5
23.bxa5 Qxa5 24.Bd2 Qa7 25.a5 Kf8 26.Qa2 g5 27.Bc3 Ra8 28.e5 Bf5 29.e6 Nh8
30.Nb4 Rdc8 31.d5 Qxa5 32.Qxa5 Rxa5 33.Nxc6 Raa8 34.Nfd4 Bg6 35.g4 Be8 36.Bb4 Ng6
37.Nxe7 Kxe7 38.Bxd6+ Kxd6 39.Nf5+ Kc5 40.d6 Bf8 41.Rc1+ Kd5 42.Rcd1+ Kc5
43.d7 Bxd7 44.Rxd7 Rc6 45.e7 Bxe7 46.Nxe7 Nxe7 47.Rexe7 h6 48.Re3 Rh8 49.Rc3+ Kb6
50.Rxc6+ Kxc6 51.Rf7 Kd6 52.Rxf6+ Ke7 53.Rf5 Ke6 54.Kg2 Rg8 55.h4 gxh4 56.Kh3 Rg5
57.Rf4 Ra5 58.Kxh4 Ke7 59.f3 Rb5 60.Ra4 Kf7 61.f4 Rb1 62.Ra6 Kg7 63.Rd6 Rh1+
64.Kg3 Rf1 65.Rd4 Kf7 66.Kg2 Ra1 67.Kf3 Rg1 68.Rd6 Kg7 69.Re6 Kh7 70.f5 h5
71.gxh5 Rg5 72.Kf4 Rxh5 73.Ke5 Rh1 74.Kf6 Ra1 75.Re8 Ra6+ 76.Kf7 Ra7+ 77.Kf8 Kh6
78.Re7 Ra8+ 79.Kf7 Kg5 80.f6 Kh6 81.Re8 Ra7+ 82.Ke6 Ra6+ 83.Kf5 Ra5+ 84.Re5 Ra7
85.Rd5 Kh7 86.Re5 Kh6 87.Re8 Ra5+ 88.Ke6 Ra6+ 89.Kf7 Ra7+ 90.Re7 Ra8 91.Re1 Ra7+
92.Ke6 Ra6+ 93.Kf5 Ra5+ 94.Re5 Ra7 95.Rd5 Kh7 96.Rd1 Ra5+ 97.Ke6 Ra6+ 98.Ke7 Ra7+
99.Rd7 Ra8 100.Kf7 Kh6  1/2-1/2

[Event "Futurity"]
[Site "Kitchener CAN"]
[Date "2003.07.30"]
[Round "7"]
[White "Day,L"]
[Black "Stevens,C"]
[Result "1-0"]
[WhiteElo "2294"]
[BlackElo "2219"]

1.e4 c5 2.Nf3 Nc6 3.Bb5 d6 4.O-O Bd7 5.c3 Nf6 6.Re1 a6 7.Bf1 e6 8.d4 cxd4
9.cxd4 d5 10.exd5 Nxd5 11.Nc3 Nxc3 12.bxc3 Be7 13.c4 O-O 14.Rb1 Rc8 15.Bd2 Bf6
16.d5 Na5 17.Bb4 Re8 18.Nd2 b6 19.Bxa5 bxa5 20.Ne4 Be5 21.Qh5 Bf4 22.g3 g6
23.Qd1 exd5 24.Qxd5 Bc7 25.Qxd7  1-0

[Event "IV CMA Futurity"]
[Site "Toronto CAN"]
[Date "2003.07.30"]
[Round "8"]
[White "Peredun,A"]
[Black "Moiseenko,A"]
[Result "0-1"]
[WhiteElo "2306"]
[BlackElo "2618"]

1.e4 c5 2.Nf3 Nc6 3.Bb5 e6 4.O-O Nge7 5.Nc3 Nd4 6.Nxd4 cxd4 7.Ne2 a6 8.Ba4 b5
9.Bb3 Nc6 10.d3 g6 11.f4 Bg7 12.Ng3 O-O 13.Qg4 Na5 14.f5 Nxb3 15.axb3 d5
16.Bd2 dxe4 17.dxe4 d3 18.c3 exf5 19.exf5 Bb7 20.Rf2 Qd5 21.Raf1 Rfe8 22.h4 Qxb3
23.h5 Qc4 24.Rf4 Qc6 25.R1f2 Bc8 26.hxg6 fxg6 27.Qd1 Bxf5 28.Nxf5 gxf5 29.Rxf5 Rf8
30.Be3 Rxf5 31.Rxf5 Qe4 32.Qf3 Re8 33.Qxe4 Rxe4 34.Kf2 Ra4 35.Rd5 Ra2 36.Rxd3 Rxb2+
37.Kf3 Bf8 38.Rd8 Kf7 39.Rd7+ Kg6 40.Ra7 Ra2 41.Bd4 h5 42.g3 Ra3 43.Ke4 Ra1
44.Kd5 Ra3 45.Ke4 b4 46.cxb4 Bxb4 47.Rg7+ Kh6 48.Rb7 Bd2 49.Be5 Bc3 50.Rb6+ Kg5
51.Bxc3 Rxc3 52.Rxa6 Rxg3 53.Ra8 Kg4 54.Ra1 h4 55.Rh1 h3  0-1

[Event "Open"]
[Site "Olomouc CZE"]
[Date "2003.07.31"]
[Round "2"]
[White "Bosiocic,Mari"]
[Black "Klima,L"]
[Result "0-1"]
[WhiteElo "2157"]
[BlackElo "2425"]

1.e4 c5 2.Nf3 Nc6 3.Bb5 g6 4.O-O Bg7 5.Re1 Nf6 6.e5 Nd5 7.Nc3 Nc7 8.Bxc6 dxc6
9.Ne4 b6 10.Nf6+ Kf8 11.Ne4 Bg4 12.d3 Ne6 13.Ned2 Qd5 14.h3 Bxf3 15.Nxf3 Re8
16.Qe2 h6 17.Bd2 Kg8 18.b4 cxb4 19.Bxb4 c5 20.Bc3 Kh7 21.a4 Rb8 22.Qe4 Rhd8
23.Qxd5 Rxd5 24.Re4 Rd7 25.Rb1 h5 26.Kf1 Bh6 27.g3 Nc7 28.Bd2 e6 29.Bxh6 Kxh6
30.Nd2 Nd5 31.Rc4 g5 32.Rxc5 bxc5 33.Rxb8 Nc3 34.a5 Kg6 35.a6 Rc7 36.Rb7 Rc6
37.Rxa7 Nb5 38.Rb7 Na3 39.a7 Ra6 40.Ne4 Nxc2 41.Nxc5 Ra1+ 42.Kg2 Ne1+ 43.Kh2 Nf3+
44.Kg2 g4  0-1

[Event "Inline Czechia Cup"]
[Site "Olomouc CZE"]
[Date "2003.08.01"]
[Round "3"]
[White "Slaby,J"]
[Black "Ptacnikova,L"]
[Result "1-0"]
[WhiteElo "2376"]
[BlackElo "2215"]

1.e4 c5 2.Nf3 Nc6 3.Bb5 g6 4.O-O Bg7 5.c3 Nf6 6.Re1 O-O 7.h3 Qc7 8.d4 cxd4
9.cxd4 d5 10.e5 Ne4 11.Nbd2 Nxd2 12.Bxd2 Qb6 13.Bxc6 bxc6 14.Qa4 Rb8 15.b3 Bd7
16.Qa3 Rfe8 17.Qc1 a5 18.Bh6 Bh8 19.Qf4 c5 20.dxc5 Qxc5 21.Ng5 f6 22.e6 Bb5
23.Rac1 Qb4 24.Nf7 Bg7 25.Red1 Qxf4 26.Bxf4 Rb6 27.Rxd5 a4 28.Bc7 Rc6 29.Rxc6 Bxc6
30.Rc5 axb3 31.axb3 Be4 32.b4 Ra8 33.b5 Ra1+ 34.Kh2 Ra2 35.Bg3 Rb2 36.Rc8+ Bf8
37.Rb8 g5 38.b6 Bd5 39.Nh6+ Kg7 40.Nf5+ Kg6 41.Ne3 Bxe6 42.Rxf8 Rxb6 43.Rb8 Ra6
44.Rb7 Kf7 45.Rc7 h5 46.f3 h4 47.Bf2 Ra2 48.Bg1 Re2 49.Rc2 Re1 50.Bf2 Ra1
51.Rd2 Rb1 52.Ng4 Ra1 53.Re2 Ra6 54.Rc2 Kg6 55.Bg1 Bd5 56.Kh1 Ra1 57.Rc7 Kf7
58.Ne3 Be6 59.Nc2 Rc1 60.Rc5 Bd7 61.Nb4 Rb1 62.Rc7 Ke8 63.Nd5 Rd1 64.Nb6 Be6
65.Kh2 Re1 66.Bc5 Bb3 67.Bb4 Re2 68.Nc8 e6 69.Nd6+ Kd8 70.Ba5 Ra2 71.Ra7+  1-0

[Event "IV CMA Futurity"]
[Site "Toronto CAN"]
[Date "2003.08.01"]
[Round "10"]
[White "Wang,H"]
[Black "Moiseenko,A"]
[Result "0-1"]
[WhiteElo "2226"]
[BlackElo "2618"]

1.e4 c5 2.Nf3 Nc6 3.Bb5 e6 4.b3 Nge7 5.Bb2 Ng6 6.h4 h5 7.g3 Qc7 8.Bxc6 Qxc6
9.Qe2 a6 10.Nc3 b5 11.d4 cxd4 12.Nxd4 Qc7 13.O-O-O Bb7 14.Nd5 exd5 15.exd5+ Kd8
16.Nf5 Bb4 17.Bxg7 Rg8 18.Bf6+ Kc8 19.Qxh5 Bc3 20.Qh7 Rf8 21.Qg7 Bxf6 22.Qxf6 Qe5
23.Qxe5 Nxe5 24.Rhe1 f6 25.f4 Ng4 26.c4 bxc4 27.bxc4 Kc7 28.Kc2 Rae8 29.Kc3 Rg8
30.Kd4 d6 31.Rxe8 Rxe8 32.Ng7 Re2 33.Ne6+ Kd7 34.Rh1 Rd2+ 35.Kc3 Rg2 36.h5 Rxg3+
37.Kb4 Nh6 38.a4 Bc8 39.c5 dxc5+ 40.Nxc5+ Kd8 41.d6 Bf5 42.Rc1 Rg4 43.Ka5 Rxf4
44.Rd1 Rc4 45.Kb6 Rb4+ 46.Kxa6 Nf7 47.d7 Kc7 48.a5 Nd8 49.h6 Rh4 50.Kb5 Bg4
51.Rd2 Rxh6 52.Na6+ Kb7 53.Nc5+ Ka7 54.Rd6 Be2+ 55.Kb4 Rh4+ 56.Kb3 Rf4 57.Kb2 Rb4+
58.Ka3 Rb5 59.Ra6+ Kb8 60.Rb6+ Kc7 61.Rxb5 Bxb5 62.a6 Nc6 63.Kb2 Na7 64.Kc3 Bxd7
65.Kd4 Bc6 66.Ne6+ Kd6 67.Ng7 Nb5+ 68.Ke3 Ke5 69.Nh5 Nc7 70.Nf4 Nxa6  0-1

[Event "Sunstar Park Open"]
[Site "Davos SUI"]
[Date "2003.08.02"]
[Round "1"]
[White "Wall,G"]
[Black "Reust,E"]
[Result "1-0"]
[WhiteElo "2404"]
[BlackElo "1859"]

1.e4 c5 2.Nf3 Nc6 3.Bb5 e6 4.O-O Nge7 5.c3 a6 6.Ba4 b5 7.Bc2 d5 8.d4 c4 9.Re1 g6
10.Bf4 Bg7 11.Qd2 O-O 12.Bh6 f5 13.Bxg7 Kxg7 14.exf5 exf5 15.Qf4 Bd7 16.Nbd2 Qb8
17.Ne5 Nxe5 18.dxe5 Be6 19.Nf3 Nc6 20.h4 h6 21.h5 gxh5 22.Re3 Qe8 23.Rae1 Kh7
24.Nh4 Ne7 25.Rg3 Qf7 26.Ree3 Rg8 27.Qd4 Rg5 28.Ref3 Nc6 29.Qf4 Rxg3 30.Rxg3 Ne7
31.Qe3 Rg8 32.Rxg8 Nxg8 33.Qb6 Kg7 34.Qxa6 Qd7 35.Nf3 Kf7 36.Nd4 Ne7 37.Nxb5 Nc6
38.Nd6+ Ke7 39.Ba4 Nb8 40.Nxf5+ Kd8 41.Bxd7 Nxa6 42.Bxe6  1-0

[Event "Ceska Pojistovna Cup"]
[Site "Olomouc CZE"]
[Date "2003.08.03"]
[Round "5"]
[White "Pisk,P"]
[Black "Hasangatin,R"]
[Result "1/2-1/2"]
[WhiteElo "2347"]
[BlackElo "2515"]

1.e4 c5 2.Nf3 Nc6 3.Bb5 g6 4.O-O Bg7 5.Re1 Nf6 6.e5 Nd5 7.Nc3 Nc7 8.Bxc6 dxc6
9.Ne4 Ne6 10.d3 O-O 11.Be3 b6 12.Qd2 f5 13.exf6 exf6 14.Bh6 a5 15.Bxg7 Kxg7
16.a4 Ra7 17.Qc3 Re7 18.Ng3 Rfe8 19.Re4 Nc7  1/2-1/2

[Event "Hilton Premier"]
[Site "Blackpool ENG"]
[Date "2003.08.04"]
[Round "2"]
[White "Davies,N"]
[Black "Shaw,J"]
[Result "1/2-1/2"]
[WhiteElo "2482"]
[BlackElo "2480"]

1.e4 c5 2.Nf3 Nc6 3.Bb5 g6 4.Bxc6 dxc6 5.d3 Bg7 6.h3 Nf6 7.Nc3 Nd7 8.Be3 e5
9.Qd2 Qe7 10.Bh6 f6 11.Bxg7 Qxg7 12.Ng1 Nf8 13.Nge2 Ne6 14.f4 exf4 15.Nxf4 Qc7
16.O-O O-O 17.Rf2 Nxf4 18.Qxf4 Qxf4 19.Rxf4 Be6 20.Kf2 Kf7 21.e5 Bd5 22.Nxd5 cxd5
23.exf6 Rae8 24.Rf1 Re6 25.Kg3 Rd8 26.Ra4 a6 27.Raf4 a5 28.a4  1/2-1/2

[Event "Sunstar Park Open"]
[Site "Davos SUI"]
[Date "2003.08.04"]
[Round "3"]
[White "Vogt,L"]
[Black "Antoniewski,R"]
[Result "1/2-1/2"]
[WhiteElo "2452"]
[BlackElo "2499"]

1.e4 c5 2.Nf3 Nc6 3.Bb5 Qc7 4.c3 Nf6 5.Qe2 a6 6.Ba4 b5 7.Bc2 d6 8.h3 e5 9.O-O Be7
10.a4 Rb8 11.axb5 axb5 12.d3 O-O 13.Na3 Bd7 14.Bd2 Rfe8 15.Bb3 c4 16.dxc4 Na5
17.Ba2 bxc4 18.Nxc4 Bb5 19.b3 Rbc8 20.Rfe1 Nd7 21.Bg5 f6 22.Be3 Nxc4 23.bxc4 Bxc4
24.Bxc4+ Qxc4 25.Ra7 Nf8 26.Qxc4+ Rxc4 27.Bd2 Ne6 28.Rb7 Kf7 29.Nh2 Rec8
30.f3 Nc5 31.Rb4 Rxb4 32.cxb4 Nb3 33.Rd1 Nxd2 34.Rxd2 Rc1+ 35.Kf2 Rb1 36.Nf1 f5
37.exf5 Rxb4 38.g4 g6 39.Ng3 Bh4  1/2-1/2

[Event "World Youth Stars"]
[Site "Kirishi RUS"]
[Date "2003.08.04"]
[Round "3"]
[White "Sjugirov,S"]
[Black "Bogosavljevic,B"]
[Result "1-0"]
[WhiteElo "2296"]
[BlackElo "2232"]

1.e4 c5 2.Nf3 Nc6 3.Bb5 g6 4.O-O Bg7 5.Bxc6 dxc6 6.h3 Nf6 7.Re1 Nd7 8.e5 Nf8
9.d3 Ne6 10.Nc3 Qc7 11.Bd2 O-O 12.Re4 Rd8 13.Ne2 b6 14.Qc1 Bb7 15.Bh6 Bh8
16.Qe3 Ng7 17.Ng3 Bc8 18.Bxg7 Bxg7 19.Re1 Be6 20.Rh4 Bd5 21.Nh2 Be6 22.f4 Qd7
23.Nf3 Re8 24.Ng5 h6 25.Nxe6 Qxe6 26.f5 Qd7 27.fxg6 fxg6 28.Rg4 Kh7 29.Rxg6 e6
30.Rg4 Rf8 31.Nh5 Bh8 32.Rh4 Bg7 33.Nf6+  1-0